Loading...
| Religion | 0 | 3 | 0 | 1 | 30 | 95 | 108.33 | 1 | 3 | 2.23 | 17.50 |
| History - European | 0 | 3 | 0 | 1 | 30 | 68 | 95.00 | 0 | 3 | 8.82 | 20.00 |
| Science - Physics | 0 | 3 | 1 | 1 | 25 | 24 | 69.33 | 2 | 3 | 12.20 | 22.50 |
| History - Other | 0 | 2 | 0 | 1 | 20 | 84 | 104.00 | 0 | 2 | 3.06 | 7.50 |
| History - American | 0 | 2 | 0 | 1 | 20 | 55 | 89.00 | 0 | 2 | 5.34 | 12.50 |
| Mythology | 0 | 2 | 0 | 1 | 20 | 77 | 105.00 | 0 | 2 | 3.84 | 10.00 |
| Popular Culture | 0 | 2 | 0 | 1 | 20 | 41 | 92.00 | 0 | 1 | 22.98 | 25.00 |
| Science - Biology | 0 | 2 | 1 | 1 | 15 | 97 | 101.50 | 0 | 1 | 1.49 | 7.50 |
| Science - Other | 0 | 2 | 1 | 0 | 15 | 40 | 49.50 | 2 | 2 | 11.99 | 20.00 |
| Other Academic | 0 | 1 | 0 | 1 | 10 | 125 | 125.00 | 0 | 1 | 0.00 | 8.33 |
| Fine Arts - Other | 0 | 1 | 0 | 0 | 10 | 96 | 96.00 | 0 | 1 | 2.50 | 2.50 |
| Fine Arts - Painting and Sculpture | 0 | 1 | 0 | 0 | 10 | 74 | 74.00 | 0 | 1 | 3.78 | 7.50 |
| History - World | 0 | 1 | 0 | 0 | 10 | 110 | 110.00 | 0 | 1 | 1.67 | 7.50 |
| Fine Arts - Classical Music | 0 | 1 | 0 | 0 | 10 | 33 | 33.00 | 1 | 1 | 7.05 | 10.00 |
| Philosophy | 0 | 1 | 0 | 1 | 10 | 125 | 125.00 | 1 | 1 | 0.00 | 2.50 |
| Science - Chemistry | 0 | 0 | 1 | 0 | -5 | 0.00 | 0 | 0 | 0.00 | 0.00 |